01877nas a2200241 454500001000500000005001700005008003700022003001500059040004000074080003100114245007000145022001400215264011100229310026600340505082700606100002601433650002101459650001401480650002201494650001101516650001301527856009501540504620260407193504.0260407s1995####ag###########|||spa#dAR-UNSa-BCEJYS aAR-UNSa-BCEJYSbspacAR-UNSa-BCEJYS a330xEconomía en general10aFACESpRevista de la Facultad de Ciencias Económicas y Sociales a0328-4050 1aMar del Plata :bUniversidad Nacional de Mar del Plata. Facultad de Ciencias Económicas y Socialesc1995 aPeriodicidad: Anual Cambia de Dir. a partir del Nº 8 por Haydée J. Pérez Cambia de Dir. a partir del Nº 28 por Franciso A. Morea Cambia de Dir. a partir del Nº 32/33 por Daniel H. Pérez Cambia de Dir. a partir del Nº 40/41 por Mónica Mabel Biasone  aLa revista FACES publica colaboraciones relacionadas con la investigación y el desarrollo de las ciencias económicas y sociales, cubriendo una amplia gama de temas a través de artículos científicos y ensayos, todos ellos inéditos. El objetivo inicial fue proyectar la imagen de la Facultad y constituirse en un instrumento de comunicación formal entre los propios investigadores y docentes, investigadores y docentes de la región y de la comunidad, generar opinión en los aspectos disciplinarios y propiciar el discurso profesional. Como objetivos a largo plazo se espera que la revista FACES contribuya a desarrollar la capacidad crítica, creativa y propositiva en relación con la sociedad, la cultura y la economía, dando respuesta a la demanda explícita o implícita que realiza la región. 1 aMucci, Ottorino Oscar aAdministración aGestión aCiencias sociales aEmpleo aECONOMIA41uhttps://biblioeco.unsa.edu.ar/pmb/images/revistas/FACES.jpgyImagen de portadaqimage/jpeg